1352 1721 1317 1747 1312 1850 1831 1727 1356 1469 1414 1909 1849 1930 1335 1760 1710 1418 1808 1196 1907 1051 1093 1869 1178 1067 1820 1790 1384 1452 1745 1406 1692 1481 1988 1621 1723 1631 1449 1266 1836 1219 1310 1323 1728 1413 1987 1927 1642 1179 1084 1524 1471 1624 1653 1548 1223 1143 1777 1228 1242 1977 1460 1908 1312 1732 1887 1204 1409 1277 1718 1550 1592 1475 1160 1873 1344 1631 1753 1906 1626 1461 1892 1869 1493 1362 1971 1151 1605 1931 1330 1168 1652 1477 1339 1469 1019 1476 1596 BCNSPRNW ULIB Ver.6.0+V

เปลี่ยนเป็นภาษาไทย

Change to English
 แสดงรายละเอียดบรรณานุกรม
  กลับหน้าหลัก

Brief Record : Get Marc (ISO 2709) : E-mail record : QR code < ปิดหน้าต่าง
LEADER : 00000nam 2200000uu 4500
001    13399112479
003     ULIB
008    110818s2543||||th 000 0 tha d
020    9745342688
050 04 HQ56^bพ576ค 2543
100 0  พันธ์ศักดิ์ ศุกระฤกษ์
245 10 คลินิกรัก /^cพันธ์ศักดิ์ ศุกระฤกษ์
260    กรุงเทพฯ :^bซีเอ็ดยูเคชั่น,^c2543
300    196 หน้า :^bภาพประกอบ ;^c22 ซม
650  7 เพศศึกษา
945    ^p120^l0^i013695
945    ^p120^l0^i013696
945    ^p120^l0^i013697
999 ^a ทศพร
รายการนี้ยังไม่มีแท็ก
คุณยังไม่ได้ล็อกอิน คุณสามารถมีกิจกรรมร่วมกับเว็บไซต์ได้ แต่ต้องล็อกอินก่อน ::
  ล็อกอิน

รายการสื่อสารสนเทศ

ลำดับที่ ประเภท เลขเรียก/บาร์โค้ด สถานที่ สถานะ
- ไม่พบข้อมูล -

รายการใกล้เคียง
    ผู้แต่ง [พันธ์ศักดิ์ ศุกระฤกษ์]

    หัวเรื่อง [เพศศึกษา]

BibComment


ยังไม่เคยถูกคอมเมนท์

คอมเมนท์ทรัพยากรรายการนี้
  คอมเมนท์: คลินิกรัก พันธ์ศ..


 Copyright 2026. Bcnsprnw @Library